000 nam a22 7a 4500
999 _c330432
_d330432
003 NUST
005 20170712105419.0
008 170712b xxu||||| |||| 00| 0 eng d
020 _a9789693519747
040 _cNUST
082 _a891.51
_bSAD
100 _aSaadi, Shaikh
_93242
245 _aGulistan-i Saadi/
_cby Shaik Saadi tr. by Dr. Khawaja Hameed Yazdani
260 _aLahore:
_bSang-e- Meel Publications,
_c2011
300 _a284 p.
500 _aPoetry
546 _aIn Urdu
650 _aClassical Persian Literature- Poetry
_93243
880 _6100-01\(3\r
_aشیخ سعدی
880 _6245-02\(3\r
_aگلستان سعدی
_cشیخ سعدی ، مترجم ڈاکٹر خواجہ حمید یزدانی
880 _6260-03\(3\r
_aلاہور:
_bسنگ میل پبلی کیشنز،
_c2011
942 _2ddc
_cBK